|
|
|
|
| LEADER |
00000cam a2200000 7i4500 |
| 001 |
0000091208 |
| 005 |
20230404111513.0 |
| 008 |
230404 may |
| 020 |
|
|
|a 9789830979427 (
|q (paperback))
|
| 040 |
|
|
|e rda
|
| 041 |
|
|
|a Malay
|
| 090 |
0 |
0 |
|a 649.1
|b BON
|
| 100 |
1 |
|
|a Bonda Nor ,
|d 1977- ,
|e author
|
| 245 |
1 |
0 |
|a Parent, thanks! :
|b kerana yang mengikat kita bukan sekadar gelaran, bahkan cinta dan harapan
|c Bonda Nor
|
| 264 |
|
1 |
|a Petaling Jaya, Selangor :
|b Galeri Ilmu Sdn. Bhd.
|c 2022
|
| 300 |
|
|
|a 352 pages :
|b illustration colour ;
|c 20 cm.
|
| 336 |
|
|
|a text
|2 rdacontent
|
| 337 |
|
|
|a unmediated
|2 rdamedia
|
| 338 |
|
|
|a volume
|2 rdacarrier
|
| 541 |
|
|
|c Purchased on 2022
|f 00168918 GIL
|h RM40.00
|
| 650 |
|
0 |
|a Parent and child
|
| 650 |
|
0 |
|a Parenting
|
| 700 |
0 |
|
|a Ammar Kamilin ,
|e author
|
| 730 |
0 |
|
|a Title
|
| 999 |
|
|
|a 0001719043
|b Book
|c Adult Collection
|e Desa - PPAJ
|
| 999 |
|
|
|a 0001719044
|b Book
|c Adult Collection
|e Desa - PPAJ
|
| 999 |
|
|
|a 0001719045
|b Book
|c Adult Collection
|e Desa - PPAJ
|
| 999 |
|
|
|a 0001719046
|b Book
|c Adult Collection
|e Desa - PPAJ
|
| 999 |
|
|
|a 0001719047
|b Book
|c Adult Collection
|e Desa - PPAJ
|
| 999 |
|
|
|a 0001719048
|b Book
|c Adult Collection
|e Desa - PPAJ
|
| 999 |
|
|
|a 0001719049
|b Book
|c Adult Collection
|e Desa - PPAJ
|
| 999 |
|
|
|a 0001719050
|b Book
|c Adult Collection
|e Desa - PPAJ
|
| 999 |
|
|
|a 0001719051
|b Book
|c Adult Collection
|e Desa - PPAJ
|
| 999 |
|
|
|a 0001719052
|b Book
|c Adult Collection
|e Desa - PPAJ
|
| 999 |
|
|
|a 0001719053
|b Book
|c Adult Collection
|e Desa - PPAJ
|
| 999 |
|
|
|a 0001719054
|b Book
|c Adult Collection
|e Desa - PPAJ
|
| 999 |
|
|
|a 0001719055
|b Book
|c Adult Collection
|e Desa - PPAJ
|
| 999 |
|
|
|a 0001719056
|b Book
|c Adult Collection
|e Desa - PPAJ
|
| 999 |
|
|
|a 0001719057
|b Book
|c Adult Collection
|e Desa - PPAJ
|
| 999 |
|
|
|a 0001719058
|b Book
|c Adult Collection
|e Desa - PPAJ
|
| 999 |
|
|
|a 0001719059
|b Book
|c Adult Collection
|e Desa - PPAJ
|
| 999 |
|
|
|a 0001719060
|b Book
|c Adult Collection
|e Desa - PPAJ
|
| 999 |
|
|
|a 0001719061
|b Book
|c Adult Collection
|e Desa - PPAJ
|
| 999 |
|
|
|a 0001719062
|b Book
|c Adult Collection
|e Desa - PPAJ
|
| 999 |
|
|
|a 0001719063
|b Book
|c Adult Collection
|e Desa - PPAJ
|
| 999 |
|
|
|a 0001719064
|b Book
|c Adult Collection
|e Desa - PPAJ
|
| 999 |
|
|
|a 0001719065
|b Book
|c Adult Collection
|e Desa - PPAJ
|
| 999 |
|
|
|a 0001719066
|b Book
|c Adult Collection
|e Desa - PPAJ
|
| 999 |
|
|
|a 0001719067
|b Book
|c Adult Collection
|e Desa - PPAJ
|
| 999 |
|
|
|a 0001719068
|b Book
|c Adult Collection
|e Desa - PPAJ
|
| 999 |
|
|
|a 0001719069
|b Book
|c Adult Collection
|e Desa - PPAJ
|
| 999 |
|
|
|a 0001719070
|b Book
|c Adult Collection
|e Desa - PPAJ
|
| 999 |
|
|
|a 0001719071
|b Book
|c Adult Collection
|e Desa - PPAJ
|
| 999 |
|
|
|a 0001719072
|b Book
|c Adult Collection
|e Desa - PPAJ
|
| 999 |
|
|
|a 0001719073
|b Book
|c Adult Collection
|e Desa - PPAJ
|
| 999 |
|
|
|a 0001719074
|b Book
|c Adult Collection
|e Desa - PPAJ
|
| 999 |
|
|
|a 0001719075
|b Book
|c Adult Collection
|e Desa - PPAJ
|
| 999 |
|
|
|a 0001719076
|b Book
|c Adult Collection
|e Desa - PPAJ
|
| 999 |
|
|
|a 0001719077
|b Book
|c Adult Collection
|e Desa - PPAJ
|
| 999 |
|
|
|a 0001719078
|b Book
|c Adult Collection
|e Desa - PPAJ
|
| 999 |
|
|
|a 0001719079
|b Book
|c Adult Collection
|e Desa - PPAJ
|
| 999 |
|
|
|a 0001719080
|b Book
|c Adult Collection
|e Desa - PPAJ
|
| 999 |
|
|
|a 0001719081
|b Book
|c Adult Collection
|e Desa - PPAJ
|
| 999 |
|
|
|a 0001719082
|b Book
|c Adult Collection
|e Desa - PPAJ
|
| 999 |
|
|
|a 0001719083
|b Book
|c Adult Collection
|e Desa - PPAJ
|
| 999 |
|
|
|a 0001719185
|b Book
|c Adult Collection
|e Cawangan Urban Transformation Centre
|
| 999 |
|
|
|a 0001719186
|b Book
|c Adult Collection
|e Cawangan AEON Kulaijaya
|
| 999 |
|
|
|a 0001719187
|b Book
|c Adult Collection
|e Perbadanan Perpustakaan Awam Johor
|
| 999 |
|
|
|a 0001719188
|b Book
|c Adult Collection
|e Cawangan Urban Transformation Centre
|
| 999 |
|
|
|a 0001719189
|b Book
|c Adult Collection
|e Perbadanan Perpustakaan Awam Johor
|
| 999 |
|
|
|a 0001719190
|b Book
|c Adult Collection
|e Cawangan Sri Merlong
|
| 999 |
|
|
|a 0001719191
|b Book
|c Adult Collection
|e Cawangan Tangkak
|
| 999 |
|
|
|a 0001719192
|b Book
|c Adult Collection
|e Cawangan Mersing
|
| 999 |
|
|
|a 0001719193
|b Book
|c Adult Collection
|e Cawangan Tmn. Ungku Tun Aminah
|
| 999 |
|
|
|a 0001719194
|b Book
|c Adult Collection
|e Cawangan Segamat
|
| 999 |
|
|
|a 0001719195
|b Book
|c Adult Collection
|e Cawangan Taman Sri Lambak
|
| 999 |
|
|
|a 0001719196
|b Book
|c Adult Collection
|e Cawangan Pontian
|
| 999 |
|
|
|a 0001719197
|b Book
|c Adult Collection
|e Cawangan Bukit Gambir
|
| 999 |
|
|
|a 0001719198
|b Book
|c Adult Collection
|e Cawangan Batu Pahat
|
| 999 |
|
|
|a 0001719199
|b Book
|c Adult Collection
|e Cawangan Muar
|
| 999 |
|
|
|a 0001719200
|b Book
|c Adult Collection
|e Cawangan Bandar Penawar
|
| 999 |
|
|
|a 0001719201
|b Book
|c Adult Collection
|e Cawangan Kota Tinggi
|
| 999 |
|
|
|a 0001719202
|b Book
|c Adult Collection
|e Cawangan Bandar Tenggara
|